Mole Contestants Season 5 Quiz Stats

 Plays Quiz not verified by Sporcle

Support Sporcle.
Go Orange.
Score 0/12 Timer 02:00
0 Plays Today
Description Contestant % Correct
History teacherMark
100%
Graphic artistCraig
96.4%
Utility workerPaul
89.3%
Restaurant ManagerBobby
89.3%
OB/GYNNicole
85.7%
ModelAli
85.7%
MusicianAlex
82.1%
AttorneyClay
78.6%
Retail ManagerVictoria
78.6%
Stay-at-home MomMarcie
78.6%
NeuroscientistKristen
75%
RetiredLiz
71.4%

You're not logged in!

Compare scores with friends on all Sporcle quizzes.
OR
Log In
Forgot?

From the Vault

Historical Shared Birthdays

by bhenderson79

These people should celebrate together, with double the cake.
Remove Ads.
Support Sporcle.
Get the best of Sporcle when you Go Orange. This ad-free experience offers more features, more stats, and more fun while also helping to support Sporcle. Thank you for becoming a member.

Show Comments

Extras

Created Feb 26, 2011ReportNominate
Tags:Contestants, description, mole, season

Top Quizzes Today


Score Distribution

Your Account Isn't Verified!

In order to create a playlist on Sporcle, you need to verify the email address you used during registration. Go to your Sporcle Settings to finish the process.

Report this User

Report this user for behavior that violates our Community Guidelines.

Details: